Every 100,000+ city in USA: Washington - Statistics

General Stats
  • This quiz has been taken 44 times
  • The average score is 12 of 17
Answer Stats
Letter Population City % Correct
S 4,625,298 Seattle
100%
S 517,806 Spokane
100%
O 281,056 Olympia
94%
T 233,093 Tacoma
94%
Y 123,910 Yakima
94%
V 492,106 Vancouver
91%
B 156,302 Bellevue
82%
B 132,718 Bellingham
67%
E 121,503 Everett
67%
K 138,077 Kent
64%
S-V 110,365 Spokane Valley
61%
R 106,139 Renton
55%
F-W 102,892 Federal Way
52%
K 102,076 Kennewick
48%
K 100,704 Kirkland
42%
P 311,359 Pasco
33%
B 126,401 Bremerton
27%
No matching quizzes found
Score Distribution
Percent of People with Each Score
Percentile by Number Answered
Your Score History
You have not taken this quiz